000 00366nam a2200145Ia 4500
005 20250617025815.0
008 240331s9999 xx 000 0 und d
082 _bRAN
_a305
245 0 _aKusalage shakthiya
260 _aColombo
_bSrasavi Printers
300 _a46 p .,
500 _aA book of Strength from kusala women
700 _aRanaweera, E
_eedt
942 _cL
999 _c1838
_d1838